I frutti acerbi : Lord Byron, gli amori & il sesso /
I tiakina i:
| Kaituhi matua: | |
|---|---|
| Ētahi atu kaituhi: | |
| Hōputu: | Pukapuka |
| Reo: | Itāriana |
| I whakaputaina: |
Venezia :
Cicero,
2016
|
| Rangatū: | Saggi
|
| Ngā Tūtohu: |
Kāore He Tūtohu, Me noho koe te mea tuatahi ki te tūtohu i tēnei pūkete!
|
MARC
| LEADER | 00000nam a22000007i 4500 | ||
|---|---|---|---|
| 001 | IT\ICCU\SGE\0040915 | ||
| 003 | ItRI | ||
| 005 | 20260115232153.0 | ||
| 008 | 160929s2016 it |||||| ||||| |||||c | ||
| 020 | |a 9788889632420 | ||
| 040 | |b ita |c importazione bologna sebina | ||
| 041 | 7 | |a ita |2 ISO-639-2 | |
| 100 | 1 | |a Patanè, Vincenzo |0 IT\ICCU\CFIV\148333 | |
| 240 | 1 | 2 | |a I frutti acerbi |3 IT\ICCU\UBO\4291805 |9 Patanè, Vincenzo |
| 245 | 1 | 2 | |a I frutti acerbi : |b Lord Byron, gli amori & il sesso / |c Vincenzo Patanè ; prefazione di Diego Saglia. |
| 260 | |a Venezia : |b Cicero, |c 2016 | ||
| 300 | |a 196 p. : |b ill. ; |c 23 cm | ||
| 700 | 1 | |a Saglia, Diego |0 IT\ICCU\RAVV\108591 | |
| 830 | 0 | |a Saggi |0 IT\ICCU\PAL\0212223 | |
| 942 | |2 ddc |c BK |n 0 | ||
| 952 | |0 0 |1 0 |4 0 |6 DOC_821_700000000000000_PAT |7 0 |9 21347 |a BO |b BO |d 2026-01-15 |i 18619 |l 0 |o DOC 821.7 PAT |p BO18619 |r 2026-01-15 23:21:53 |w 2026-01-15 |x [Sebina 5] [1 v.] |y BK |z 1 v. | ||
| 999 | |c 18235 |d 18235 | ||